00865nam a22002657a 45000010005000000030006000050050017000110080041000280200018000690400028000870500015001150820011001301000025001412450055001662500041002212600035002623000024002974900022003215050007003435200149003505210018004995210018005176500036005356500028005717573FISKH20250724111409.0250724b cb ||||| |||| 00| 0 eng d a9780590568791 aJBLcJBLdSLCdDLCbeng aPZ7.S86037 a813.541 aStine, R. Ld(1943-) aGoosebumps :cEgg monsters from mars /bR.L. Stine aThis edition first published in 1996 aNew York :bScholastic,c1996. a115 pages :c20 cm.1 aGoosebumps ;v#42 aG  aOn an egg hunt, Dana finds an abnormal egg that is the size of a softball. It's covered with blue and purple veins and it's starting to hatch.  a410 bLexile  aG bRaz-Plus  0aHorror tales.2Fantasy fiction. 0aBirthday parties2Scary